000 01631nam a22004217a 4500
001 000101585
003 CHAP
005 20220329143527.0
008 100409s2010 mx r 00010 spa d
010 _a98048
011 _a99020
035 _a109705
040 _cCHAP
090 _aTesis
100 1 _aMontoya Reyes, Francisco
_978003
245 1 0 _aCaracterísticas físicas y químicas de suelos regados con aguas residualesdel distrito de riego 028 y materiales pesados en Medicago sativa /
_c/por Francisco Montoya Reyes.
260 _aChapingo, Méx. :
_bEl autor,
_c2010.
300 _aviii, 91 h. :
_btablas , mapas.
502 _aTesis (Ing. en Recursos Naturales Renovables) -- UACH. Departamento de Suelos
590 _aALEPH
_b10
_c20130110
_lUCH01
_h1533
590 _aBATCH-UPD
_b10
_c20130110
_lUCH01
_h0859
590 _aBATCH-UPD
_b10
_c20130410
_lUCH01
_h0529
590 _aBATCH-UPD
_b10
_c20130914
_lUCH01
_h0105
590 _aBATCH-UPD
_b10
_c20140324
_lUCH01
_h1516
590 _aBATCH-UPD
_b10
_c20141002
_lUCH01
_h0842
590 _aCONVERSION
_b10
_c20130109
_lUCH01
_h1354
590 _aE12093SGE
_b10
_c20130718
_lUCH01
_h0857
650 0 4 _aAguas residuales para irrigación.
_92591
650 0 4 _aSuelos
_xEfecto de la irrigación.
_9110344
650 0 4 _aSuelos
_xFísica de.
_9110373
650 0 4 _aSuelos
_xQuímica de.
_9110470
856 _3Finding aid
_uhttp://10.13.5.2/tesis/109705.pdf
_zTeclea aquí
901 _aBK
942 _cFOLL
942 _n0
949 _bBC
_cTES
_d33724002170629
_eTS2
_fc.2
_gDonaciØn
_h50544
_i109705
_sb
949 _bBC
_cTES
_d33724002170660
_eTS1
_gDonaciØn
_h50543
_i109705
_sb
999 _c98048
_d98048